000 02057cam a2200205 4500500
005 20251228151237.0
041 _afre
042 _adc
100 1 0 _aPitard-Bouet
_eauthor
245 0 0 _aLa guerre des étoiles n’a pas eu lieu
260 _c2020.
500 _a11
520 _aDans un contexte de guerre la froide, la conquête spatiale a été vue par les USA et par l’URSS comme un facteur de puissance. Elle est associée aussi au développement des capacités balistiques et s’inscrit pleine­ment dans la course aux armements. Afin de maintenir une stabilité, la communauté internationale réagit extrêmement rapidement dès la fin des années 1950. Les différents travaux aboutissent à la ratification du traité de 1967 qui cadre les activités militaires dans l’espace extra-atmosphérique en interdisant par exemple toute action offensive. Malgré les tensions existantes, le vol habité devient un lieu de coopération entre les deux grands. Ainsi, la terre est le lieu de l’expression guerrière ; l’espace, celui de la démonstration de puissance.
520 _aIn a context of cold war, the space conquest was seen by the USA and the USSR as a factor of power. It is also associated with the development of ballistic capabilities and is fully involved in the arms race. In order to maintain international stability, the United nations are responding in a short time since the late 1950s. The various works lead to the ratification of the 1967 treaty which frames the military activities in outer space by prohi­biting for example any offensive action. Despite existing tensions, manned flight becomes a place of cooperation between the two big ones. Thus, the earth is the place of warlike expression ; space, that of the demonstration of power.
690 _aconquête spatiale
690 _aespace
690 _atraité de 1967
786 0 _nStratégique | 123 | 3 | 2020-06-04 | p. 143-152 | 0224-0424
856 4 1 _uhttps://shs.cairn.info/revue-strategique-2019-3-page-143?lang=fr&redirect-ssocas=7080
999 _c1608985
_d1608985